| 000 | 00433nam a2200157 i 4500 | ||
|---|---|---|---|
| 001 | 101495 | ||
| 003 | ES-MaACL | ||
| 005 | 20230906182924.0 | ||
| 007 | t| | ||
| 008 | 051019s1969 sp ||||1| spa d | ||
| 100 | 1 |
_aMedina, José Ramón. _979701 |
|
| 245 | 1 | 0 |
_aPoesía plural / _cJosé Ramón Medina. |
| 260 |
_aBarcelona : _bPlaza & Janés, _c1969. |
||
| 300 |
_a284 p., 7 h. ; _c19 cm. |
||
| 852 |
_aES-MaACL _jC-35496 _bR.68623 |
||
| 999 |
_c101495 _d101495 |
||